La agricultura pampeana (Registro nro. 1042)
[ vista simple ]
| 000 -LEADER | |
|---|---|
| fixed length control field | 01967 a2200337 4500 |
| 001 - CONTROL NUMBER | |
| control field | 22656 |
| 005 - DATE AND TIME OF LATEST TRANSACTION | |
| control field | 20260407155517.0 |
| 008 - FIXED-LENGTH DATA ELEMENTS--GENERAL INFORMATION | |
| fixed length control field | 260407a1988 arg spa d |
| 003 - CONTROL NUMBER IDENTIFIER | |
| control field | AR-UNSa-BCEJYS |
| 040 ## - CATALOGING SOURCE | |
| Original cataloging agency | AR-UNSa-BCEJYS |
| Language of cataloging | spa |
| Transcribing agency | AR-UNSa-BCEJYS |
| 080 ## - UNIVERSAL DECIMAL CLASSIFICATION NUMBER | |
| Universal Decimal Classification number | 338.43 |
| Common auxiliary subdivision | Agricultura como una rama de la economía. Economía de los productos alimenticios |
| 020 ## - INTERNATIONAL STANDARD BOOK NUMBER | |
| International Standard Book Number | 950-557-035-X |
| 100 1# - MAIN ENTRY--PERSONAL NAME | |
| Personal name | Barsky, Osvaldo |
| 245 10 - TITLE STATEMENT | |
| Title | La agricultura pampeana |
| Name of part/section of a work | transformaciones productivas y sociales |
| 264 #1 - PRODUCTION, PUBLICATION, DISTRIBUTION, MANUFACTURE, AND COPYRIGHT NOTICE | |
| Place of production, publication, distribution, manufacture | México : |
| Name of producer, publisher, distributor, manufacturer | Fondo de Cultura Económica |
| Date of production, publication, distribution, manufacture, or copyright notice | 1988 |
| 300 ## - PHYSICAL DESCRIPTION | |
| Extent | 422 p. |
| Dimensions | 23 cm. |
| 505 ## - FORMATTED CONTENTS NOTE | |
| Formatted contents note | 1. La caída de la producción agrícola pampeana en la década de 1940 / Osvaldo Barsky - 2. Las etapas del cambio tecnológico / Edith S. de Obschatko - 3. La industria de maquinaria agrícola en Argentina - 4. Semillas mejoradas: desarrollo industrial e impacto sobre la producción agrícola / Marta Gutierrez - 5. Difusión de plaguicidas y estructura de la oferta - 6. Reestructuración de la oferta industrial / Eduardo Jacobs - 7. Tenencia de la tierra y estructura social en la provincia de Buenos Aires / Ignacio Llovet - 8. Las organizaciones corporativas del sector agropecuario / Roberto Martínez Nogueira - 9. Sobre expansión capitalista y heterogeneidad social / Miguel Murmis - 10. Situación del sector ante la crisis - 11. El desafío tecnológico. Lineamientos de estrategia / Juan Carlos del Bello |
| 590 ## - LOCAL NOTE (RLIN) | |
| Local note | niveau_biblio:m niveau_hierar:0 |
| 700 1# - ADDED ENTRY--PERSONAL NAME | |
| Personal name | Cirio, Félix |
| 700 1# - ADDED ENTRY--PERSONAL NAME | |
| Personal name | Del Bello, Juan Carlos |
| 700 1# - ADDED ENTRY--PERSONAL NAME | |
| Personal name | Gutierrez, Marta |
| 700 1# - ADDED ENTRY--PERSONAL NAME | |
| Personal name | Huici, Néstor |
| 700 1# - ADDED ENTRY--PERSONAL NAME | |
| Personal name | Jacobs, Eduardo |
| 700 1# - ADDED ENTRY--PERSONAL NAME | |
| Personal name | LLovet, Ignacio |
| 700 1# - ADDED ENTRY--PERSONAL NAME | |
| Personal name | Martinez Nogueira, Roberto |
| 700 1# - ADDED ENTRY--PERSONAL NAME | |
| Personal name | Murmis, Miguel |
| 700 1# - ADDED ENTRY--PERSONAL NAME | |
| Personal name | Piñeiro, Martín |
| 700 1# - ADDED ENTRY--PERSONAL NAME | |
| Personal name | Obschatko, Edith S. |
| 856 41 - ELECTRONIC LOCATION AND ACCESS | |
| Uniform Resource Identifier | <a href="https://biblioeco.unsa.edu.ar/pmb/images/libros/La agricultura pampeana Barsky, Osvaldo (1988).jpg">https://biblioeco.unsa.edu.ar/pmb/images/libros/La agricultura pampeana Barsky, Osvaldo (1988).jpg</a> |
| Link text | Imagen de portada |
| Electronic format type | image/jpeg |
| 942 ## - ADDED ENTRY ELEMENTS (KOHA) | |
| Koha item type | |
| Withdrawn status | Lost status | Damaged status | Not for loan | Home library | Current library | Shelving location | Date acquired | Total checkouts | Full call number | Barcode | Date last seen | Price effective from | Koha item type |
|---|---|---|---|---|---|---|---|---|---|---|---|---|---|
| Biblioteca Prof. Eusebio Cleto del Rey | Biblioteca Prof. Eusebio Cleto del Rey | 07/04/2026 | 338.43 A278 | L58539 | 07/04/2026 | 07/04/2026 | Libro | ||||||
| Biblioteca Prof. Eusebio Cleto del Rey | Biblioteca Prof. Eusebio Cleto del Rey | 07/04/2026 | 338.43 A278 | L58540 | 07/04/2026 | 07/04/2026 | Libro | ||||||
| Biblioteca Prof. Eusebio Cleto del Rey | Biblioteca Prof. Eusebio Cleto del Rey | 07/04/2026 | 338.43 A278 | L58537 | 07/04/2026 | 07/04/2026 | Libro | ||||||
| Biblioteca Prof. Eusebio Cleto del Rey | Biblioteca Prof. Eusebio Cleto del Rey | 07/04/2026 | 338.43 A278 | L58538 | 07/04/2026 | 07/04/2026 | Libro | ||||||
| Biblioteca Prof. Eusebio Cleto del Rey | Biblioteca Prof. Eusebio Cleto del Rey | 07/04/2026 | 338.43 A278 | L58541 | 07/04/2026 | 07/04/2026 | Libro |